Statistics for Birth State of US Presidents

Click here to take the quiz!

General Stats

  • This quiz has been taken 3,369 times
    (711 since last reset)
  • The average score is 28 of 45

Answer Stats

HintAnswer% Correct
George WashingtonVirginia
96%
Thomas JeffersonVirginia
90%
James MadisonVirginia
87%
James MonroeVirginia
86%
John AdamsMassachusetts
85%
Donald TrumpNew York
84%
Barack ObamaHawaii
83%
John Q. AdamsMassachusetts
80%
Bill ClintonArkansas
75%
Abraham LincolnKentucky
75%
John F. KennedyMassachusetts
75%
Jimmy CarterGeorgia
74%
Theodore RooseveltNew York
73%
Franklin D. RooseveltNew York
72%
Richard NixonCalifornia
71%
Martin Van BurenNew York
70%
Lyndon B. JohnsonTexas
69%
Joe BidenPennsylvania
68%
William H. HarrisonVirginia
65%
John TylerVirginia
65%
James A. GarfieldOhio
63%
Ulysses S. GrantOhio
63%
Rutherford B. HayesOhio
61%
Andrew JacksonSouth Carolina
60%
Ronald ReaganIllinois
58%
George H.W. BushMassachusetts
58%
William McKinleyOhio
58%
George W. BushConnecticut
57%
Benjamin HarrisonOhio
57%
William H. TaftOhio
57%
Zachary TaylorVirginia
57%
Warren G. HardingOhio
56%
Harry S. TrumanMissouri
55%
Millard FillmoreNew York
55%
Woodrow WilsonVirginia
53%
James BuchananPennsylvania
52%
Dwight D. EisenhowerTexas
50%
Franklin PierceNew Hampshire
46%
James K. PolkNorth Carolina
46%
Andrew JohnsonNorth Carolina
46%
Calvin CoolidgeVermont
43%
Herbert HooverIowa
38%
Gerald FordNebraska
38%
Grover ClevelandNew Jersey
37%
Chester A. ArthurVermont
35%

Score Distribution

Percentile by Number Answered

Percent of People with Each Score

Your Score History

You have not taken this quiz since the last reset